That's Not a Capital! Quiz Stats

 Plays Quiz Updated Oct 15, 2012

Challenge
Share
Tweet
Embed
Score 0/20 Timer 03:00
5 Plays Today
Group Answer % Correct
Tokyo, Seoul, Mexico City, Lyon???
96%
Toronto, Windhoek, Monaco, London???
80.2%
Giza, Rabat, Kuwait City, Quito???
79.9%
Reykjavik, Sydney, Havana, Baku???
79.8%
Brazzaville, Sofia, Osaka, Zagreb???
78.2%
Asmara, Riyadh, Shanghai, Freetown???
72%
Kathmandu, Vienna, Sana'a, Weno???
71.3%
Bandar Seri Begawan, Almaty, Tbilisi, Paris???
67.7%
Lima, Sao Paulo, Majuro, Bern???
64%
Auckland, Canberra, Suva, Kabul???
63.5%
Group Answer % Correct
Mogadishu, Lusaka, Jakarta, Cotonou???
59.4%
Podgorica, Serekunda, Algiers, Cairo???
56.8%
Birkirkara, Prague, Luanda, Amman???
50.7%
Bamako, Naypyidaw, Blantyre, Bridgetown???
49.8%
Maseru, Koror, Gaborone, Victoria???
49%
St. John's, Bujumbura, Chaguanas, Kinshasa???
46.8%
Lagos, Niamey, Abuja, Honiara???
43.5%
Tegucigalpa, Guayaquil, Tarawa, N'Djamena???
40.8%
Yaren, Serravalle, Dhaka, Dili???
38.2%
Belize City, Malabo, Dakar, Thimphu???
35.7%

You're not logged in!

Compare scores with friends on all Sporcle quizzes.
Join for Free
OR
Log In

You Might Also Like...

Show Comments

Extras

Top Quizzes Today


Score Distribution

Your Account Isn't Verified!

In order to create a playlist on Sporcle, you need to verify the email address you used during registration. Go to your Sporcle Settings to finish the process.

Report this User

Report this user for behavior that violates our Community Guidelines.

Details: